[Event "Wch U14 blitz"]
[Site "Batumi"]
[Date "2023.06.11"]
[Round "9"]
[White "Gilfanov, Marat I"]
[Black "Vetokhin, Savva"]
[Result "0-1"]
[WhiteElo "1968"]
[BlackElo "2320"]
[PlyCount "90"]
[EventDate "2023.06.10"]
[EventType "swiss (blitz)"]
[EventRounds "11"]
[EventCountry "GEO"]
[SourceTitle "EXT 2024"]
[Source "ChessBase"]
[SourceDate "2023.10.10"]
[SourceVersion "1"]
[SourceVersionDate "2023.10.10"]
[SourceQuality "1"]
[WhiteTeam "FIDE"]
[BlackTeam "FIDE"]

1. e4 c5 2. Nf3 e6 3. b3 d5 4. exd5 exd5 5. Bb5+ Nc6 6. 0-0 Bd6 7. Bb2 Nge7 8. d4 0-0 9. dxc5 Bxc5 10. h3 Be6 11. Nc3 f6 12. Ne2 Bf7 13. Qd2 Re8 14. Rfe1 Qb6 15. Nfd4 Nxd4 16. Nxd4 Bxd4 17. Bxe8 Bxb2 18. Rxe7 Rxe8 19. Rxe8+ Bxe8 20. Qxd5+ Bf7 21. Qd7 h5 22. Rd1 a6 23. a4 Be5 24. Qc8+ Kh7 25. Rd7 Qb4 26. Rd1 Bg6 27. g3 h4 28. Rc1 hxg3 29. Qg4 gxf2+ 30. Kxf2 Qc5+ 31. Kg2 Qd5+ 32. Kf1 Qh1+ 33. Qg1 Qxh3+ 34. Qg2 Qh6 35. Rd1 Bf5 36. Qxb7 Bxc2 37. Rd7 Qf4+ 38. Ke2 Qg4+ 39. Kd2 Bf5 40. Re7 Qd4+ 41. Ke2 Qd3+ 42. Kf2 Qg3+ 43. Ke2 Bf4 44. b4 Bd3+ 45. Kd1 Qg1+ 0-1

[Event "Wch U14 blitz"]
[Site "Batumi"]
[Date "2023.06.11"]
[Round "10"]
[White "Kiladze, Luka"]
[Black "Gilfanov, Marat I"]
[Result "0-1"]
[WhiteElo "1902"]
[BlackElo "1968"]
[PlyCount "57"]
[EventDate "2023.06.10"]
[EventType "swiss (blitz)"]
[EventRounds "11"]
[EventCountry "GEO"]
[SourceTitle "EXT 2024"]
[Source "ChessBase"]
[SourceDate "2023.10.10"]
[SourceVersion "1"]
[SourceVersionDate "2023.10.10"]
[SourceQuality "1"]
[WhiteTeam "Georgia"]
[BlackTeam "FIDE"]
[WhiteTeamCountry "GEO"]

1. d4 d5 2. c4 e6 3. Nf3 c6 4. e3 f5 5. Nc3 Nf6 6. Ne5 Nbd7 7. Nxd7 Bxd7 8. Bd3 Bd6 9. Bd2 Qe7 10. f4 0-0 11. 0-0 Ne4 12. Bxe4 fxe4 13. Be1 b6 14. Qh5 Be8 15. Qh3 Bg6 16. b3 Bf5 17. g4 Bg6 18. Rd1 a5 19. Rd2 Bb4 20. Rg2 a4 21. Nxa4 Bxe1 22. Rxe1 dxc4 23. Rf1 Qb4 24. f5 Bf7 25. f6 cxb3 26. axb3 Qxb3 27. g5 Bg6 28. Nxb6 Qb4 29. Qxe6+ 0-1

[Event "Wch U14 blitz"]
[Site "Batumi"]
[Date "2023.06.10"]
[Round "5"]
[White "Gilfanov, Marat I"]
[Black "Atoyan, Alberto"]
[Result "1-0"]
[WhiteElo "1968"]
[BlackElo "1704"]
[PlyCount "65"]
[EventDate "2023.06.10"]
[EventType "swiss (blitz)"]
[EventRounds "11"]
[EventCountry "GEO"]
[SourceTitle "EXT 2024"]
[Source "ChessBase"]
[SourceDate "2023.10.10"]
[SourceVersion "1"]
[SourceVersionDate "2023.10.10"]
[SourceQuality "1"]
[WhiteTeam "FIDE"]
[BlackTeam "Armenia"]
[BlackTeamCountry "ARM"]

1. e4 c5 2. Nf3 d6 3. Bb5+ Nd7 4. 0-0 a6 5. Bd3 Ngf6 6. Re1 e6 7. c3 b5 8. Bc2 c4 9. a4 Bb7 10. axb5 axb5 11. Rxa8 Qxa8 12. Na3 Bxe4 13. Bxe4 Nxe4 14. d3 cxd3 15. Nxb5 Qb7 16. c4 Be7 17. Qxd3 Ndc5 18. Qc2 Nf6 19. Bf4 Qb6 20. Rd1 Nb7 21. Be3 Qa5 22. b4 Qxb4 23. Nc7+ Kd7 24. Rb1 Qxb1+ 25. Qxb1 Kxc7 26. Qb6+ Kc8 27. Nd4 Nd7 28. Qc6+ Kb8 29. Qxd7 Bf6 30. Nc6+ Ka8 31. Na5 Rb8 32. Nxb7 Rxb7 33. Qc8+ 1-0

[Event "Wch U14 blitz"]
[Site "Batumi"]
[Date "2023.06.10"]
[Round "3"]
[White "Gilfanov, Marat I"]
[Black "Bazilius, Augustinas"]
[Result "1-0"]
[WhiteElo "1968"]
[BlackElo "2019"]
[PlyCount "59"]
[EventDate "2023.06.10"]
[EventType "swiss (blitz)"]
[EventRounds "11"]
[EventCountry "GEO"]
[SourceTitle "EXT 2024"]
[Source "ChessBase"]
[SourceDate "2023.10.10"]
[SourceVersion "1"]
[SourceVersionDate "2023.10.10"]
[SourceQuality "1"]
[WhiteTeam "FIDE"]
[BlackTeam "Lithuania"]
[BlackTeamCountry "LTU"]

1. e4 c5 2. Nf3 a6 3. b3 d6 4. d4 cxd4 5. Qxd4 Nc6 6. Qe3 Nf6 7. Bb2 e6 8. c4 Be7 9. Nc3 0-0 10. Be2 Qc7 11. 0-0 b6 12. Nd4 Nxd4 13. Qxd4 Bb7 14. Kh1 Rfd8 15. f3 d5 16. cxd5 Bc5 17. Qd2 exd5 18. exd5 Nxd5 19. Nxd5 Rxd5 20. Qc3 Rg5 21. Rfd1 Qe7 22. Bf1 Rc8 23. Re1 Qd6 24. Rad1 Qh6 25. Bc1 Bb4 26. Qxc8+ Bxc8 27. Re8+ Bf8 28. Bxg5 Qxg5 29. Rdd8 Qc5 30. Rxc8 1-0

[Event "Wch U14 rapid"]
[Site "Batumi"]
[Date "2023.06.08"]
[Round "8"]
[White "Elmirzaev, Khondamir"]
[Black "Gilfanov, Marat I"]
[Result "1-0"]
[WhiteElo "1704"]
[BlackElo "1921"]
[PlyCount "113"]
[EventDate "2023.06.06"]
[EventType "swiss (rapid)"]
[EventRounds "11"]
[EventCountry "GEO"]
[SourceTitle "EXT 2024"]
[Source "ChessBase"]
[SourceDate "2023.10.10"]
[SourceVersion "1"]
[SourceVersionDate "2023.10.10"]
[SourceQuality "1"]
[WhiteTeam "Uzbekistan"]
[BlackTeam "FIDE"]
[WhiteTeamCountry "UZB"]

1. d4 d5 2. c4 e6 3. Nc3 c6 4. e3 f5 5. Nf3 Nf6 6. Bd3 Bd6 7. b3 Nbd7 8. Bb2 0-0 9. 0-0 Ne4 10. Ne2 b6 11. Rc1 Bb7 12. Nf4 Qe7 13. Be2 Rfd8 14. Nd3 c5 15. cxd5 Bxd5 16. dxc5 Ndxc5 17. Nxc5 Bxc5 18. Qc2 a5 19. Bc4 Rac8 20. Bxd5 Rxd5 21. Rfd1 Rcd8 22. Rxd5 Rxd5 23. Rd1 Qd6 24. Rxd5 Qxd5 25. Kf1 f4 26. Ke2 fxe3 27. fxe3 Ng5 28. Nxg5 Qxg5 29. Qe4 Qh5+ 30. Kf2 Qf7+ 31. Ke2 Qh5+ 32. Kf2 Qf7+ 33. Ke2 Qh5+ 34. Kd2 Bb4+ 35. Kc1 Qc5+ 36. Kb1 Qe7 37. Bd4 Qd7 38. h4 h6 39. g4 Bc5 40. Bxc5 bxc5 41. Kc2 Kf7 42. Qf4+ Kg8 43. g5 hxg5 44. hxg5 Qd5 45. e4 Qd8 46. Qe5 Qe7 47. g6 Qe8 48. Qg5 Qa8 49. Qh4 Qa6 50. Qh7+ Kf8 51. Qh8+ Ke7 52. Qxg7+ Kd6 53. Qf8+ Ke5 54. Qf3 a4 55. Qc3+ Kf4 56. g7 Qe2+ 57. Qd2+ 1-0

[Event "Wch U14 rapid"]
[Site "Batumi"]
[Date "2023.06.08"]
[Round "10"]
[White "Hvozdz, Aliaksandr"]
[Black "Gilfanov, Marat I"]
[Result "0-1"]
[WhiteElo "1664"]
[BlackElo "1921"]
[PlyCount "72"]
[EventDate "2023.06.06"]
[EventType "swiss (rapid)"]
[EventRounds "11"]
[EventCountry "GEO"]
[SourceTitle "EXT 2024"]
[Source "ChessBase"]
[SourceDate "2023.10.10"]
[SourceVersion "1"]
[SourceVersionDate "2023.10.10"]
[SourceQuality "1"]
[WhiteTeam "FIDE"]
[BlackTeam "FIDE"]

1. e4 c5 2. Nf3 e6 3. d4 cxd4 4. Nxd4 Nf6 5. Nc3 Nc6 6. Nxc6 bxc6 7. e5 Nd5 8. Ne4 Qc7 9. f4 Qb6 10. c4 Bb4+ 11. Ke2 f5 12. Nf2 Ba6 13. Kf3 Ne7 14. Be3 Bc5 15. Bxc5 Qxc5 16. Qd6 Qb6 17. b3 c5 18. Rd1 Rd8 19. Nd3 Rc8 20. Nb2 Qb7+ 21. Kg3 Rc6 22. Qd2 g5 23. Be2 gxf4+ 24. Qxf4 Rg8+ 25. Kf2 Qc7 26. Rd6 Ng6 27. Bh5 Rxd6 28. exd6 Qc6 29. Qf3 Qxd6 30. Rd1 Qc7 31. Nd3 Qc6 32. Nb2 Qc7 33. Nd3 Bb7 34. Qe3 Qxh2 35. Nf4 Be4 36. Bf3 Qxf4 0-1

[Event "Wch U14 rapid"]
[Site "Batumi"]
[Date "2023.06.06"]
[Round "2"]
[White "Gilfanov, Marat I"]
[Black "Averin, Nikolay"]
[Result "0-1"]
[WhiteElo "1921"]
[BlackElo "2295"]
[PlyCount "74"]
[EventDate "2023.06.06"]
[EventType "swiss (rapid)"]
[EventRounds "11"]
[EventCountry "GEO"]
[SourceTitle "EXT 2024"]
[Source "ChessBase"]
[SourceDate "2023.10.10"]
[SourceVersion "1"]
[SourceVersionDate "2023.10.10"]
[SourceQuality "1"]
[WhiteTeam "FIDE"]
[BlackTeam "FIDE"]

1. e4 c5 2. Nf3 d6 3. Bb5+ Bd7 4. Bxd7+ Qxd7 5. 0-0 Nc6 6. c3 Nf6 7. d4 Nxe4 8. d5 Ne5 9. Re1 Nxf3+ 10. Qxf3 Nf6 11. c4 e5 12. dxe6 fxe6 13. Nc3 Be7 14. Bg5 0-0 15. Qh3 h6 16. Qxe6+ Qxe6 17. Rxe6 hxg5 18. Rxe7 Rf7 19. Re6 Rd7 20. Rd1 Rad8 21. Nd5 Kf7 22. Re3 Re8 23. Rxe8 Kxe8 24. f3 Kf7 25. Kf2 Ke6 26. Kg3 a6 27. Nb6 Rd8 28. Re1+ Kf7 29. a4 Re8 30. Rd1 Re2 31. Rxd6 Rxb2 32. Nd7 Ke7 33. Rb6 Rb4 34. Nxf6 gxf6 35. a5 Rxb6 36. axb6 a5 37. Kf2 a4 0-1

[Event "Wch U14 rapid"]
[Site "Batumi"]
[Date "2023.06.06"]
[Round "1"]
[White "Rakhmatullaev, Muhammadsoli"]
[Black "Gilfanov, Marat I"]
[Result "1/2-1/2"]
[WhiteElo "1332"]
[BlackElo "1921"]
[PlyCount "90"]
[EventDate "2023.06.06"]
[EventType "swiss (rapid)"]
[EventRounds "11"]
[EventCountry "GEO"]
[SourceTitle "EXT 2024"]
[Source "ChessBase"]
[SourceDate "2023.10.10"]
[SourceVersion "1"]
[SourceVersionDate "2023.10.10"]
[SourceQuality "1"]
[WhiteTeam "Uzbekistan"]
[BlackTeam "FIDE"]
[WhiteTeamCountry "UZB"]

1. d4 d5 2. Nc3 Nf6 3. Bf4 c6 4. e3 Bf5 5. f3 h5 6. Bd3 Bxd3 7. cxd3 Qb6 8. Qd2 Nbd7 9. Nge2 e6 10. 0-0-0 Qa6 11. Kb1 b5 12. Nc1 Qb6 13. N1e2 a5 14. Rc1 a4 15. Nd1 Be7 16. Nf2 h4 17. g4 hxg3 18. hxg3 0-0-0 19. g4 Kb7 20. Rxh8 Rxh8 21. Rh1 Rxh1+ 22. Nxh1 Qd8 23. Nf2 c5 24. dxc5 Bxc5 25. d4 Be7 26. Nd3 Qb6 27. Qc3 Ne8 28. Qd2 Bd6 29. Bxd6 Nxd6 30. b3 f6 31. Qb4 axb3 32. axb3 Nc8 33. Nc5+ Kc7 34. Nf4 Nxc5 35. Qxc5+ Qxc5 36. Nxe6+ Kd6 37. Nxc5 Ne7 38. Kc2 Nc6 39. Kd3 Nb4+ 40. Kc3 Nc6 41. e4 Ne7 42. Kb4 Nc6+ 43. Kc3 Ne7 44. Kb4 Nc6+ 45. Kc3 Ne7 1/2-1/2

[Event "Bassano del Grappa Vergani Cup"]
[Site "Bassano del Grappa"]
[Date "2023.02.04"]
[Round "7"]
[White "Gilfanov, Marat I"]
[Black "Pultinevicius, Paulius"]
[Result "0-1"]
[WhiteElo "2059"]
[BlackElo "2559"]
[PlyCount "68"]
[EventDate "2023.02.01"]
[EventType "swiss"]
[EventRounds "9"]
[EventCountry "ITA"]
[SourceTitle "CBM 212 Extra"]
[Source "ChessBase"]
[SourceDate "2023.03.31"]
[SourceVersion "1"]
[SourceVersionDate "2023.03.31"]
[SourceQuality "1"]

1. e4 c6 2. Ne2 d5 3. e5 d4 4. c3 c5 5. b4 Qd5 6. f4 d3 7. Ng3 c4 8. Qf3 e6 9. Ne4 f5 10. Ng5 Ne7 11. g3 h6 12. Qxd5 exd5 13. Nf3 g5 14. Kf2 Ng6 15. Ke3 Nc6 16. a4 Be6 17. Nd4 Nxd4 18. cxd4 h5 19. Nc3 gxf4+ 20. gxf4 Bh6 21. Rg1 Nxf4 22. Kf3 Kd7 23. Nd1 Rag8 24. Rh1 Bf7 25. h4 Ne6 26. Bb2 Bxd2 27. Bh3 Rg4 28. Bxg4 hxg4+ 29. Kg3 Bh5 30. Bc3 f4+ 31. Kf2 g3+ 32. Kg2 Bxc3 33. Nxc3 Nxd4 34. Raf1 f3+ 0-1

[Event "EU-ch U12 30th"]
[Site "Antalya"]
[Date "2022.11.12"]
[Round "7"]
[White "Karaca, Yigit"]
[Black "Gilfanov, Marat I"]
[Result "1/2-1/2"]
[WhiteElo "1843"]
[BlackElo "1786"]
[PlyCount "92"]
[EventDate "2022.11.06"]
[EventType "swiss"]
[EventRounds "9"]
[EventCountry "TUR"]
[SourceTitle "CBM 211 Extra"]
[Source "ChessBase"]
[SourceDate "2023.01.31"]
[SourceVersion "1"]
[SourceVersionDate "2023.01.31"]
[SourceQuality "1"]

1. Nf3 d5 2. g3 Nf6 3. Bg2 Bg4 4. d4 Nbd7 5. Ne5 Bf5 6. c4 c6 7. cxd5 cxd5 8. Qb3 Qb6 9. Nxd7 Bxd7 10. Qxb6 axb6 11. 0-0 e6 12. Bf4 Bb4 13. Rc1 Ke7 14. Nd2 Rhc8 15. a3 Bxd2 16. Bxd2 Bb5 17. Kf1 Ba4 18. Ke1 Rc6 19. Rxc6 bxc6 20. b3 Bxb3 21. Rb1 Ba4 22. Rxb6 Nd7 23. Rb7 Kd8 24. Bf4 Bb5 25. Bd6 Ra4 26. e3 Kc8 27. Rc7+ Kd8 28. Rb7 g6 29. Bf3 Ra8 30. h4 Ba6 31. Rc7 Bb5 32. Bd1 Ra6 33. g4 Bc4 34. Rb7 Kc8 35. Rc7+ Kd8 36. Rb7 Kc8 37. Rb2 Bb5 38. Rb4 Nb6 39. Bc5 Nd7 40. Bd6 Nb6 41. Bc5 Nd7 42. a4 Nxc5 43. dxc5 Bc4 44. Rb6 Ra5 45. Rxc6+ Kd7 46. Rb6 Kc7 1/2-1/2

[Event "EU-ch U12 30th"]
[Site "Antalya"]
[Date "2022.11.11"]
[Round "6"]
[White "Gilfanov, Marat I"]
[Black "Averin, Nikolay"]
[Result "1-0"]
[WhiteElo "1786"]
[BlackElo "2368"]
[PlyCount "59"]
[EventDate "2022.11.06"]
[EventType "swiss"]
[EventRounds "9"]
[EventCountry "TUR"]
[SourceTitle "CBM 211 Extra"]
[Source "ChessBase"]
[SourceDate "2023.01.31"]
[SourceVersion "1"]
[SourceVersionDate "2023.01.31"]
[SourceQuality "1"]

1. e4 c5 2. Nf3 d6 3. Bb5+ Bd7 4. Bxd7+ Qxd7 5. 0-0 Nc6 6. c3 Nf6 7. d4 cxd4 8. cxd4 d5 9. e5 Ne4 10. Ne1 h6 11. f3 Ng5 12. Nc3 Ne6 13. Nc2 Nc7 14. Be3 e6 15. f4 h5 16. Rf3 f5 17. Rh3 Qf7 18. Bf2 0-0-0 19. Ne1 Be7 20. Bh4 Bxh4 21. Rxh4 g6 22. Nf3 Kb8 23. Rh3 Rc8 24. Rc1 Qe7 25. Ng5 Nd8 26. Na4 Nf7 27. Nxf7 Qxf7 28. Nc5 b6 29. Qa4 Rhd8 30. Qc6 1-0

[Event "EU-ch U12 30th"]
[Site "Antalya"]
[Date "2022.11.09"]
[Round "4"]
[White "Gilfanov, Marat I"]
[Black "Temirbekov, Taimaz"]
[Result "0-1"]
[WhiteElo "1786"]
[BlackElo "1934"]
[PlyCount "104"]
[EventDate "2022.11.06"]
[EventType "swiss"]
[EventRounds "9"]
[EventCountry "TUR"]
[SourceTitle "CBM 211 Extra"]
[Source "ChessBase"]
[SourceDate "2023.01.31"]
[SourceVersion "1"]
[SourceVersionDate "2023.01.31"]
[SourceQuality "1"]

1. e4 c5 2. Nf3 d6 3. Bb5+ Bd7 4. Bxd7+ Qxd7 5. 0-0 Nf6 6. Qe2 Nc6 7. c3 e6 8. d4 cxd4 9. cxd4 d5 10. e5 Ne4 11. Nbd2 Nxd2 12. Bxd2 Bb4 13. Rac1 Bxd2 14. Qxd2 0-0 15. h4 Rac8 16. Rc3 Ne7 17. Ra3 a6 18. h5 h6 19. g4 Rc4 20. Nh4 Nc6 21. Rd3 Nb4 22. Rg3 Qe7 23. Nf3 Rc2 24. Qe3 Rxb2 25. g5 hxg5 26. Rxg5 Nc2 27. Qc1 Rxa2 28. Rg3 Kh8 29. Qb1 Nb4 30. Rc1 Ra3 31. Kh2 Rxf3 32. Rxf3 Qh4+ 33. Kg1 Qg4+ 34. Rg3 Qxd4 35. Rc7 Nc6 36. Qxb7 Nxe5 37. Qxa6 Ng4 38. Qe2 Nh6 39. Rc1 Rb8 40. Rd1 Qf6 41. Qd3 Rb2 42. Rd2 Rb4 43. Ra2 Nf5 44. Rg2 Re4 45. Qd1 Qe5 46. Ra1 Kh7 47. Rb1 Nd4 48. Kf1 Qf5 49. Rb4 e5 50. Ra4 Qh3 51. Rb4 Qc3 52. Ra4 Re1+ 0-1